Online katalóg knižníc regiónu Turca

Cestovný lístok (Record no. 21292)

MARC details
000 -LEADER
fixed length control field 01477cam a2200421 4500
001 - CONTROL NUMBER
control field 21292
003 - CONTROL NUMBER IDENTIFIER
control field VRT
005 - DATE AND TIME OF LATEST TRANSACTION
control field 20260226094155.0
008 - FIXED-LENGTH DATA ELEMENTS--GENERAL INFORMATION
fixed length control field 200402s2019 xo gr 000 f slo
015 ## - NATIONAL BIBLIOGRAPHY NUMBER
National bibliography number SNBA2019/05
020 ## - INTERNATIONAL STANDARD BOOK NUMBER
International Standard Book Number 9788056904046
Qualifying information (viazané)
035 ## - SYSTEM CONTROL NUMBER
System control number urn:nbn:sk:snk-am00dldl
035 ## - SYSTEM CONTROL NUMBER
System control number urn:nbn:sk:snk-am3i62p
035 ## - SYSTEM CONTROL NUMBER
System control number CADA2245-9BDA-46AB-ABF6-F552714C3985
039 #9 - LEVEL OF BIBLIOGRAPHIC CONTROL AND CODING DETAIL [OBSOLETE]
Level of rules in bibliographic description 202310241422
Level of effort used to assign nonsubject heading access points AUTHORITY
Level of effort used to assign subject headings 202004020844
Level of effort used to assign classification VLOAD
Level of effort used to assign subject headings 201905171230
Level of effort used to assign classification msnk21
Level of effort used to assign subject headings 201905091427
Level of effort used to assign classification msnk04
040 ## - CATALOGING SOURCE
Original cataloging agency PPPK
Language of cataloging slo
Transcribing agency PPPK
Modifying agency SNK
Description conventions rda
041 0# - LANGUAGE CODE
Language code of text/sound track or separate title slo
044 ## - COUNTRY OF PUBLISHING/PRODUCING ENTITY CODE
MARC country code xo
ISO country code SK
072 #7 - SUBJECT CATEGORY CODE
Subject category code 821.162.4-3
Subject category code subdivision Slovenská próza
Source konspekt
080 ## - UNIVERSAL DECIMAL CLASSIFICATION NUMBER
Universal Decimal Classification number 821.162.4-31
Edition identifier 2011
100 1# - MAIN ENTRY--PERSONAL NAME
Personal name Havranová, Ivana,
Dates associated with a name 1952-
Relationship aut
245 10 - TITLE STATEMENT
Title Cestovný lístok
Statement of responsibility, etc. Ivana Havranová
250 ## - EDITION STATEMENT
Edition statement 1. vydanie
264 #1 - PRODUCTION, PUBLICATION, DISTRIBUTION, MANUFACTURE, AND COPYRIGHT NOTICE
Place of production, publication, distribution, manufacture Bratislava
Name of producer, publisher, distributor, manufacturer Marenčin PT
Date of production, publication, distribution, manufacture, or copyright notice 2019
300 ## - PHYSICAL DESCRIPTION
Extent 141 strán
Dimensions 21 cm
336 ## - CONTENT TYPE
Content type term text
Content type code txt
Source rdacontent
337 ## - MEDIA TYPE
Media type term bez média
Media type code n
Source rdamedia
338 ## - CARRIER TYPE
Carrier type term zväzok
Carrier type code nc
Source rdacarrier
655 #7 - INDEX TERM--GENRE/FORM
Genre/form data or focus term slovenské romány
Source of term SNKPH
655 #7 - INDEX TERM--GENRE/FORM
Genre/form data or focus term Slovak fiction
Source of term SNKPHeng
942 ## - ADDED ENTRY ELEMENTS (KOHA)
Source of classification or shelving scheme Dewey Decimal Classification
Koha item type Krásna literatúra pre dospelých
Suppress in OPAC No
949 ## - LOCAL PROCESSING INFORMATION (OCLC)
6 17A1364718
a snkSC 184241
b snk2019/12986
o 909/19
s 6100:20190523
949 ## - LOCAL PROCESSING INFORMATION (OCLC)
6 17A1364719
a snkSC 184241 D1
b snk2019/12987
o 909/19
949 ## - LOCAL PROCESSING INFORMATION (OCLC)
6 270001000602098
a svkbbA 157306
b svkbbm 783132
949 ## - LOCAL PROCESSING INFORMATION (OCLC)
6 273K0651043
a svkpoA 244843
b svkpo644632
949 ## - LOCAL PROCESSING INFORMATION (OCLC)
6 2889343879
a savukPV 28055
b savuk2019/1745
Holdings
Stav vyradenia Strata Poškodenie Spôsob nadobudnutia Domovská knižnica Aktuálna knižnica Dátum nadobudnutia Total checkouts Čiarový kód exemplára Date last seen Typ exemplára
      Dar Obecná knižnica Turčianska Štiavnička Obecná knižnica Turčianska Štiavnička 26.02.2026   4738000056 26.02.2026 Krásna literatúra pre dospelých
Projekt je podporený Slovenskou asociáciou knižníc
Prevádzkuje Turčianska knižnica Martin 2026